| 000 | 00823 a2200217 4500 | ||
|---|---|---|---|
| 020 | _a0072381329 | ||
| 040 |
_aDLC _bEnglish |
||
| 082 | 0 | 0 | _a428.2 |
| 100 | 1 | _aLangan, John, | |
| 245 | 1 | 0 |
_aSentence skills : A workbook of writers _b A workbook of writers _cJohn Langan. |
| 250 | _a7th ed. | ||
| 260 |
_aBoston : _bMcGraw-Hill, _cc2003. |
||
| 300 |
_axvii, 599 p. ; _c23 cm. |
||
| 500 | _aIncludes index. | ||
| 650 | 0 |
_aEnglish language _xSentences |
|
| 650 | 0 |
_aEnglish language _xGrammar |
|
| 856 | 4 | 1 |
_3Table of contents _uhttp://www.loc.gov/catdir/toc/mh031/2002514446.html |
| 856 | 4 | 1 |
_3Publisher description _uhttp://www.loc.gov/catdir/description/mh031/2002514446.html |
| 856 | 4 | 1 |
_3Contributor biographical information _uhttp://www.loc.gov/catdir/enhancements/fy0737/2002514446-b.html |
| 942 |
_cBK _k428.2 LAN _2ddc |
||
| 999 |
_c7458 _d7458 |
||